000 00562nam a2200181 a 4500
001 000003643
005 20200929150520.0
008 090711s1997 dr r 000 0 spa d
040 _aDO-SdBNP
_bspa
_cBNPHU
082 _a225.046
_bD542s
100 1 _aDíaz, Gloria Maria,
_d1952-
_911176
245 1 0 _aSoy la estrella brillante de la mañana /
_cGloria María Díaz.
260 _aSanto Domingo :
_bMolinaga,
_c1997.
300 _a99 p. ;
_c22 cm.
500 _aIncluye índice
500 _aIncluye datos biográficos de la autora.
650 4 _aBiblia, n.t.
_92106
999 _c3466
_d3466